00673cam a22002051 450000100060000000300080000600500170001400800410003103500190007204000460009104100080013708200220014510000220016724501010018925000110029026000360030130000310033750000740036865000250044229383BD-RjUL20211209051415.0140403s1954 nyua 000 0 eng  a(BD-RjUL)29468 aDLCcODaWUdOCoLCdNGvPdUkdBD-RjULbeng aeng a150.13bGRP 19541 aGray, J. Stanley.10aPsychology applied to human affairs /c J. Stanley Gray with the assistance of ten contributors. a2d ed. aNew York :bMcGraw-Hill,c1954. a581 p. :billus. ;c24 cm. aFirst ed. published in 1946 under title: Psychology in human affairs. 0aPsychology, Applied.